<?xml version="1.0" encoding="UTF-8"?>
<record
    xmlns:xsi="http://www.w3.org/2001/XMLSchema-instance"
    xsi:schemaLocation="http://www.loc.gov/MARC21/slim http://www.loc.gov/standards/marcxml/schema/MARC21slim.xsd"
    xmlns="http://www.loc.gov/MARC21/slim">

  <leader>00567nam a22001577a 4500</leader>
  <controlfield tag="003">OSt</controlfield>
  <controlfield tag="005">20151103110049.0</controlfield>
  <controlfield tag="008">151103b        xxu||||| |||| 00| 0 eng d</controlfield>
  <datafield tag="040" ind1=" " ind2=" ">
    <subfield code="c">RUA</subfield>
  </datafield>
  <datafield tag="082" ind1=" " ind2=" ">
    <subfield code="a">FOR &#x1793;&#x1793;&#x17CB; 1995&#x200B; B121 Or.1</subfield>
  </datafield>
  <datafield tag="100" ind1=" " ind2=" ">
    <subfield code="9">3256</subfield>
    <subfield code="a">&#x1793;&#x1793;&#x17CB; &#x179C;&#x17B8;&#x179A;&#x1797;&#x17B6;&#x1796;</subfield>
  </datafield>
  <datafield tag="245" ind1=" " ind2=" ">
    <subfield code="a">&#x179F;&#x17B7;&#x1780;&#x17D2;&#x179F;&#x17B6;&#x179B;&#x1780;&#x17D2;&#x1781;&#x178E;&#x17C8;&#x1787;&#x17B8;&#x179C;&#x179F;&#x17B6;&#x179F;&#x17D2;&#x179A;&#x17D2;&#x178F;&#x178A;&#x17BE;&#x1798;&#x1794;&#x17D2;&#x179A;&#x17C1;&#x1784;&#x1781;&#x17D2;&#x1799;&#x179B;&#x17CB;&#x1780;&#x17D2;&#x1793;&#x17BB;&#x1784;&#x178A;&#x17C6;&#x178E;&#x17B6;&#x1780;&#x17CB;&#x1780;&#x17B6;&#x179B;&#x1780;&#x17C6;&#x1796;&#x17BB;&#x1784;&#x179F;&#x17BC;&#x178F;&#x179B;&#x17B6;&#x179F;&#x17CB;</subfield>
  </datafield>
  <datafield tag="260" ind1=" " ind2=" ">
    <subfield code="a">Phnom Penh</subfield>
    <subfield code="b">RUA</subfield>
    <subfield code="c">1995</subfield>
  </datafield>
  <datafield tag="300" ind1=" " ind2=" ">
    <subfield code="a">93p.</subfield>
    <subfield code="b">ill.</subfield>
    <subfield code="c">29cm.</subfield>
  </datafield>
  <datafield tag="942" ind1=" " ind2=" ">
    <subfield code="2">ddc</subfield>
    <subfield code="c">FOR</subfield>
  </datafield>
  <datafield tag="999" ind1=" " ind2=" ">
    <subfield code="c">3040</subfield>
    <subfield code="d">3040</subfield>
  </datafield>
  <datafield tag="952" ind1=" " ind2=" ">
    <subfield code="0">0</subfield>
    <subfield code="1">0</subfield>
    <subfield code="2">ddc</subfield>
    <subfield code="4">0</subfield>
    <subfield code="6">FOR_&#x1793;&#x1793;_1995_B121_OR_1_000000000000000</subfield>
    <subfield code="7">0</subfield>
    <subfield code="9">14431</subfield>
    <subfield code="a">LBB</subfield>
    <subfield code="b">LBB</subfield>
    <subfield code="c">B121</subfield>
    <subfield code="d">2015-11-03</subfield>
    <subfield code="o">FOR &#x1793;&#x1793;&#x17CB; 1995&#x200B; B121 Or.1</subfield>
    <subfield code="p">RUA027946</subfield>
    <subfield code="r">2015-11-03</subfield>
    <subfield code="w">2015-11-03</subfield>
    <subfield code="y">FOR</subfield>
  </datafield>
  <datafield tag="952" ind1=" " ind2=" ">
    <subfield code="0">0</subfield>
    <subfield code="1">0</subfield>
    <subfield code="2">ddc</subfield>
    <subfield code="4">0</subfield>
    <subfield code="6">FOR_&#x1793;&#x1793;_1995_B121_OR_2_000000000000000</subfield>
    <subfield code="7">0</subfield>
    <subfield code="9">14432</subfield>
    <subfield code="a">LBB</subfield>
    <subfield code="b">LBB</subfield>
    <subfield code="c">B121</subfield>
    <subfield code="d">2015-11-03</subfield>
    <subfield code="o">FOR &#x1793;&#x1793;&#x17CB; 1995&#x200B; B121 Or.2</subfield>
    <subfield code="p">RUA027653</subfield>
    <subfield code="r">2015-11-03</subfield>
    <subfield code="w">2015-11-03</subfield>
    <subfield code="y">FOR</subfield>
  </datafield>
  <datafield tag="952" ind1=" " ind2=" ">
    <subfield code="0">0</subfield>
    <subfield code="1">0</subfield>
    <subfield code="2">ddc</subfield>
    <subfield code="4">0</subfield>
    <subfield code="6">FOR_&#x1793;&#x1793;_1995_B121_OR_3_000000000000000</subfield>
    <subfield code="7">0</subfield>
    <subfield code="9">14433</subfield>
    <subfield code="a">LBB</subfield>
    <subfield code="b">LBB</subfield>
    <subfield code="c">B121</subfield>
    <subfield code="d">2015-11-03</subfield>
    <subfield code="o">FOR &#x1793;&#x1793;&#x17CB; 1995&#x200B; B121 Or.3</subfield>
    <subfield code="p">RUA027725</subfield>
    <subfield code="r">2015-11-03</subfield>
    <subfield code="w">2015-11-03</subfield>
    <subfield code="y">FOR</subfield>
  </datafield>
  <datafield tag="952" ind1=" " ind2=" ">
    <subfield code="0">0</subfield>
    <subfield code="1">0</subfield>
    <subfield code="2">ddc</subfield>
    <subfield code="4">0</subfield>
    <subfield code="6">FOR_&#x1793;&#x1793;_1995_B121_OR_4_000000000000000</subfield>
    <subfield code="7">0</subfield>
    <subfield code="9">14434</subfield>
    <subfield code="a">LBB</subfield>
    <subfield code="b">LBB</subfield>
    <subfield code="c">B121</subfield>
    <subfield code="d">2015-11-03</subfield>
    <subfield code="o">FOR &#x1793;&#x1793;&#x17CB; 1995&#x200B; B121 Or.4</subfield>
    <subfield code="p">RUA027950</subfield>
    <subfield code="r">2015-11-03</subfield>
    <subfield code="w">2015-11-03</subfield>
    <subfield code="y">FOR</subfield>
  </datafield>
</record>
